[Event "2014 Server Championship, S40029"]
[Site "CCLA"]
[Date "2014.01.27"]
[Round "?"]
[White "Weiner, Jerry"]
[Black "Lewis, James W."]
[Result "1-0"]
[WhiteElo "2302"]
[BlackElo "2098"]

1. e4 e5 2. Nf3 Nc6 3. Bb5 Nf6 4. O-O Nxe4 5. d4 Nd6 6. Bxc6 dxc6 7. dxe5 
Nf5 8. Qxd8+ Kxd8 9. Nc3 Ke8 10. Rd1 Ne7 11. h3 Ng6 12. b3 Bf5 13. Nd4 Bd7
14. f4 Bc5 15. Be3 Bxd4 16. Rxd4 h5 17. Rad1 Be6 18. R4d2 Ne7 19. Ne4 b6 
20. Ng5 Nd5 21. Kf2 Nc3 22. Ra1 Ke7 23. Bd4 Nd5 24. Kf3 Ke8 25. Bf2 Ne7 
26. Nxe6 fxe6 27. Rad1 c5 28. Rd7 Rc8 29. Bh4 Nf5 30. Bg5 h4 31. Rd8+ Kf7 
32. R1d7+ Kg6 33. Rxh8 Rxh8 34. Rxc7 Ra8 35. Ke4 Ng3+ 36. Kd3 Nf5 37. Rc6 
Re8 38. a4 Nd4 39. Rc7 Ra8 40. Bxh4 Rb8 41. Rxa7 Nc6 42. Rd7 Nb4+ 43. Ke4 
Nxc2 44. g4 Nd4 45. Bf2 Nxb3 46. f5+ Kh6 47. Be3+ Kh7 48. f6 Rg8 49. h4 
Ra8 50. Rxg7+ Kh8 51. g5 Rxa4+ 52. Kf3 Nd4+ 53. Bxd4 Rxd4 54. g6 Rd8 55. 
Kg4 1-0

[Event "Continuous Server Series, S40149"]
[Site "CCLA"]
[Date "2014.05.05"]
[Round "?"]
[White "Risovic, Aleksandar"]
[Black "Kline, John T."]
[Result "1-0"]
[WhiteElo "1672"]
[BlackElo "1569"]

1. e4 e5 2. Nf3 Nc6 3. Bb5 Nf6 4. O-O Nxe4 5. d4 Nd6 6. Bxc6 dxc6 7. dxe5 
Nf5 8. Qxd8+ Kxd8 9. Nc3 Ke8 10. h3 h5 11. Ne4 Be7 12. b3 Be6 13. Bb2 Rd8 
14. Rad1 c5 15. Rfe1 c4 16. Rxd8+ Kxd8 17. Rd1+ Kc8 18. Nfg5 cxb3 19. axb3
Rd8 20. Rxd8+ Kxd8 21. g4 Nh6 22. f3 1-0

[Event "2nd TCCL Friendly Server Tournament, 2ndTCCL"]
[Site "CCLA"]
[Date "2014.06.15"]
[Round "?"]
[White "Benson, Katie J."]
[Black "Buganza, Nathan J."]
[Result "0-1"]
[WhiteElo "1194"]
[BlackElo "1427"]

1. e4 e5 2. Nf3 Nc6 3. Bb5 a6 4. Bxc6 dxc6 5. Nxe5 Bd6 6. Nf3 Bg4 7. d4 
Nf6 8. e5 Bxf3 9. Qxf3 Bxe5 10. O-O Bxd4 11. Re1+ Kf8 12. Be3 Bxb2 13. Nd2
Bxa1 14. Rxa1 Qd5 15. Qxd5 Nxd5 16. Rb1 Re8 17. g3 Nxe3 18. fxe3 Rxe3 0-1

[Event "Herbert W. Gustafson Memorial, S47189"]
[Site "CCLA"]
[Date "2014.10.27"]
[Round "?"]
[White "Williams, Rufus H."]
[Black "Dressler, River"]
[Result "1-0"]
[WhiteElo "1309"]
[BlackElo "1233"]

1. e4 e5 2. Nf3 Nc6 3. Bb5 a6 4. Bxc6 dxc6 5. h3 Nf6 6. d3 Bd6 7. O-O O-O 
8. a3 Be6 9. Nc3 Qd7 10. Bg5 Bc5 11. Bxf6 gxf6 12. Nh4 Bd4 13. Qh5 Bxc3 
14. bxc3 c5 15. Qh6 f5 16. exf5 Bxf5 17. Qg5+ Bg6 18. Qf6 Qe6 19. Qxe6 
fxe6 20. Rae1 Rf4 21. Nxg6 Ra4 22. Nxe5 Rxa3 23. f4 Rxc3 24. Rf2 b5 25. 
Nc6 Rf8 26. Rxe6 b4 27. Na5 h5 28. Re7 h4 29. Rfe2 Ra3 30. R2e6 Ra1+ 31. 
Kh2 Rxa5 32. Rg6+ Kh8 33. Rgg7 Rxf4 34. Rxc7 Rf2 35. Rgd7 Rf8 36. Rh7+ Kg8
37. Rcg7# 1-0

[Event "Herbert W. Gustafson Memorial, S47189"]
[Site "CCLA"]
[Date "2014.10.27"]
[Round "?"]
[White "Dressler, River"]
[Black "Pinkall Pollei, Rich"]
[Result "0-1"]
[WhiteElo "1233"]
[BlackElo "1389"]

1. e4 e5 2. Nf3 Nc6 3. Bb5 a6 4. Bxc6 dxc6 5. Nxe5 Qd4 6. Nf3 Qxe4+ 7. Qe2
Qxe2+ 8. Kxe2 Bg4 9. d4 O-O-O 10. Be3 Ne7 11. h3 Bxf3+ 12. gxf3 Ng6 13. 
Nc3 Bd6 14. Ne4 Rhe8 15. Rad1 f5 16. Ng5 f4 17. Nf7 Rd7 18. Nxd6+ Rxd6 19.
 Rd3 fxe3 20. Rxe3 Nf4+ 21. Kd2 Rxd4+ 22. Kc3 Red8 23. Re4 c5 24. Rhe1 
Nxh3 25. R1e2 Nf4 26. Re1 Nd5+ 27. Kb3 c4+ 28. Ka3 Rd2 29. f4 Rxc2 30. f5 
b5 31. b4 Nc3 32. R4e3 Rxa2# 0-1

[Event "3rd TCCL Friendly Server Tournament, 3rdTCCL"]
[Site "CCLA"]
[Date "2014.07.10"]
[Round "?"]
[White "Lyons, Gage W."]
[Black "Dressler, River"]
[Result "0-1"]
[WhiteElo "1252"]
[BlackElo "1293"]

1. e4 e5 2. Nf3 Nc6 3. Bb5 a6 4. Bxc6 dxc6 5. d4 exd4 6. Qxd4 Qxd4 7. Nxd4
c5 8. Nf3 Nf6 9. Nc3 Be7 10. Bg5 h6 11. Bxf6 Bxf6 12. O-O Bxc3 13. bxc3 
O-O 14. Rfd1 Bg4 15. h3 Bxf3 16. gxf3 b5 17. Rd7 Rac8 18. a3 a5 19. Rb1 c6
20. Rbd1 b4 21. cxb4 axb4 22. axb4 cxb4 23. Rb7 c5 24. Rdd7 Rb8 25. Rxb8 
Rxb8 26. Rd5 Rc8 27. Kf1 c4 28. Rb5 b3 29. cxb3 c3 0-1

[Event "Regular Quad, S40349"]
[Site "CCLA"]
[Date "2014.10.13"]
[Round "?"]
[White "Mueller, Anthony"]
[Black "Haase, F. Philip"]
[Result "0-1"]
[WhiteElo "1367"]
[BlackElo "1304"]

1. e4 e5 2. Nf3 Nc6 3. Bb5 a6 4. Bxc6 dxc6 5. O-O Qd6 6. Nc3 Be6 7. h3 
O-O-O 8. d3 g6 9. Bg5 Be7 10. Bxe7 Nxe7 11. Ng5 f6 12. Nxe6 Qxe6 13. Qg4 
f5 14. exf5 gxf5 15. Qb4 Nd5 16. Nxd5 Qxd5 17. Rfd1 Rhg8 18. f3 e4 19. 
fxe4 fxe4 20. Qxe4 Qxe4 21. dxe4 Rxd1+ 22. Rxd1 Rd8 23. Rxd8+ Kxd8 24. Kf2
Ke7 25. Kf3 b5 26. Kf4 a5 27. Kf5 Kf7 28. e5 c5 29. e6+ Kf8 30. Kf6 c4 31.
 e7+ Ke8 32. g4 c5 33. c3 b4 34. cxb4 cxb4 35. Ke5 c3 0-1

[Event "Herbert W. Gustafson Memorial, S47159"]
[Site "CCLA"]
[Date "2014.10.27"]
[Round "?"]
[White "Mueller, Anthony"]
[Black "Leber, David"]
[Result "1-0"]
[WhiteElo "1367"]
[BlackElo "1375"]

1. e4 e5 2. Nf3 Nc6 3. Bb5 a6 4. Bxc6 dxc6 5. O-O f6 6. Nc3 Bb4 7. Ne2 Bg4
8. Ng3 Qd7 9. d3 Ne7 10. h3 Be6 11. Bd2 Bc5 12. Re1 O-O 13. Be3 Bb4 14. c3
Ba5 15. d4 exd4 16. Nxd4 Qe8 17. Nxe6 Rf7 18. Qg4 b5 19. Rad1 Rc8 20. Bh6 
Ng6 21. Bc1 Bb6 22. Be3 Ba5 23. f4 Re7 24. f5 Ne5 25. Qh4 b4 26. Bd4 Qf7 
27. Bxe5 fxe5 28. Nh5 Bb6+ 29. Kh1 a5 30. Nhxg7 Kh8 31. Rd3 Qg8 32. Qxe7 
Bf2 33. Qf6 h6 34. Red1 Kh7 35. Qg6+ Kh8 36. Qxh6+ Qh7 37. Rd8+ 1-0

[Event "Regular Quad, S40219"]
[Site "CCLA"]
[Date "2014.07.07"]
[Round "?"]
[White "Stroup, Jim"]
[Black "Strelecky, Rich"]
[Result "1-0"]
[WhiteElo "1768"]
[BlackElo "1584"]

1. e4 e5 2. Nf3 Nc6 3. Bb5 a6 4. Bxc6 dxc6 5. O-O f6 6. d4 Bg4 7. c3 Bd6 
8. h3 Bh5 9. Be3 Qe7 10. Nbd2 O-O-O 11. Qb3 Bxf3 12. Nxf3 exd4 13. Nxd4 
Qe5 14. Qe6+ Kb8 15. f4 Qxe6 16. Nxe6 Rd7 17. e5 fxe5 18. fxe5 Be7 19. 
Nxg7 Rd5 20. Rf7 Rxe5 21. Re1 Bc5 22. Kf2 Bxe3+ 23. Rxe3 Rxe3 24. Rf8+ Ka7
25. Kxe3 b5 26. Nf5 c5 27. Nh6 Nxh6 28. Rxh8 Nf5+ 29. Kf4 Nh4 30. Kg5 Nxg2
31. Rxh7 Ne1 32. Rxc7+ Kb6 33. Re7 Nd3 34. h4 Kc6 35. h5 1-0

[Event "Herbert W. Gustafson Memorial, S47189"]
[Site "CCLA"]
[Date "2014.10.27"]
[Round "?"]
[White "Pinkall Pollei, Rich"]
[Black "Dressler, River"]
[Result "1-0"]
[WhiteElo "1389"]
[BlackElo "1233"]

1. e4 e5 2. Nf3 Nc6 3. Bb5 a6 4. Ba4 b5 5. Bb3 Nd4 6. Nxd4 Bc5 7. Nf3 d6 
8. c3 Bb7 9. d4 Bxe4 10. dxc5 Bxb1 11. Rxb1 Nf6 12. O-O dxc5 13. Qe2 O-O 
14. Nxe5 Qe7 15. Bf4 c4 16. Bc2 Qe6 17. Qf3 Qd5 18. Qh3 Qe6 19. Bf5 Qd5 
20. Ng4 Qxf5 21. Nh6+ gxh6 22. Qxf5 Ne8 23. Bxh6 Nd6 24. Qg5+ Kh8 25. Qg7#
1-0

[Event " NA Class A Server Championship, S40109"]
[Site "CCLA"]
[Date "2014.04.30"]
[Round "?"]
[White "Cacas, Alexander"]
[Black "Ragan, Anthony"]
[Result "1/2-1/2"]
[WhiteElo "1886"]
[BlackElo "1900"]

1. e4 e5 2. Nf3 Nc6 3. Bb5 a6 4. Ba4 d6 5. c3 Bd7 6. d4 Nf6 7. Nbd2 g6 8. 
O-O b5 9. Bb3 Bg7 10. Re1 O-O 11. Nf1 Re8 12. dxe5 Nxe5 13. Nxe5 Rxe5 14. 
Ng3 Bc6 15. f3 Nd7 16. Be3 Nc5 17. Bc2 Nd7 18. Qd2 Rb8 19. Bd4 Re8 20. 
Bxg7 Kxg7 21. Qd4+ Kg8 22. Rad1 Qe7 23. f4 Qh4 24. Rf1 Nc5 25. Rde1 a5 26.
 e5 Ne6 27. Qf2 dxe5 28. fxe5 Re7 29. Bb3 Rbe8 30. Bxe6 fxe6 31. Qc5 Qc4 
32. Qxc4 bxc4 33. Rd1 Kg7 34. Rd4 Bd5 35. Rf2 a4 36. a3 c5 37. Rdd2 Rf8 
38. Rxf8 Kxf8 39. Nf1 Kg7 1/2-1/2

[Event "Regular Quad, S40249"]
[Site "CCLA"]
[Date "2014.08.08"]
[Round "?"]
[White "Perry, William E."]
[Black "Miner, David"]
[Result "0-1"]
[WhiteElo "1440"]
[BlackElo "1619"]

1. e4 e5 2. Nf3 Nc6 3. Bb5 a6 4. Ba4 Nf6 5. d3 d6 6. c3 Bd7 7. O-O Be7 8. 
Nbd2 O-O 9. Bb3 Bg4 10. h3 Be6 11. Bxe6 fxe6 12. Qb3 Qd7 13. Re1 Na5 14. 
Qd1 Nc6 15. d4 exd4 16. cxd4 d5 17. e5 Nh5 18. b3 a5 19. Nf1 Rab8 20. g3 
Qe8 21. Be3 Qf7 22. N1h2 Ra8 23. Rf1 Qg6 24. Nh4 Bxh4 0-1

[Event "Winter Server Series, S40011"]
[Site "CCLA"]
[Date "2014.01.27"]
[Round "?"]
[White "Quirk, Michael"]
[Black "Sereni, Vincent T."]
[Result "1-0"]
[WhiteElo "2205"]
[BlackElo "2118"]

1. e4 e5 2. Nf3 Nc6 3. Bb5 a6 4. Ba4 Nf6 5. O-O Bd6 6. Re1 O-O 7. d4 b5 8.
 Bb3 Bb7 9. c3 h6 10. Nbd2 Re8 11. Bc2 Qb8 12. a3 Kh8 13. Nb3 Kg8 14. dxe5
Bxe5 15. Nxe5 Nxe5 16. f4 Ng6 17. e5 Nd5 18. Qg4 Qa7+ 19. Nd4 Qb6 20. Qg3 
h5 21. Bd2 Rab8 22. Qg5 h4 23. Re2 Re7 24. Rae1 h3 25. Qg3 hxg2 26. f5 
Nxe5 27. Rxe5 Rxe5 28. Rxe5 Nf6 29. Re2 Rc8 30. Be3 c5 31. Nb3 Be4 32. 
Bxe4 Nxe4 33. Qxg2 Nf6 34. Nxc5 Qd6 35. Ne4 Nxe4 36. Qxe4 Kf8 37. Qh4 Kg8 
38. Bd4 f6 39. Rg2 Rf8 40. Qg4 Qe7 41. h4 Rf7 42. h5 Kh7 43. h6 a5 44. Qh5
Kg8 45. Kf1 Qf8 46. hxg7 Rxg7 47. Rh2 b4 48. Qf3 Rh7 49. Rxh7 1-0

[Event "Winter Server Series, S40011"]
[Site "CCLA"]
[Date "2014.01.27"]
[Round "?"]
[White "Branton, Gary"]
[Black "Sereni, Vincent T."]
[Result "0-1"]
[WhiteElo "1856"]
[BlackElo "2118"]

1. e4 e5 2. Nf3 Nc6 3. Bb5 a6 4. Ba4 Nf6 5. O-O Bd6 6. Re1 O-O 7. c3 b5 8.
 Bc2 Bb7 9. d3 Re8 10. Nbd2 Bc5 11. h3 d6 12. Nf1 d5 13. Bg5 d4 14. Ng3 h6
15. cxd4 Nxd4 16. Nxd4 hxg5 17. Ndf5 g6 18. Ne3 Qd6 19. Rc1 Rad8 20. Bb1 
Bb6 21. a4 Qb4 22. axb5 axb5 23. Ng4 Nxg4 24. Qxg4 Qxb2 25. Qxg5 Qxf2+ 26.
 Kh2 Qf4 27. Qxf4 exf4 28. Ne2 g5 29. h4 Kg7 30. Rf1 f5 31. Nc3 Rh8 32. 
exf5 Rxh4# 0-1

[Event "Summer Server Series, S40051"]
[Site "CCLA"]
[Date "2014.07.28"]
[Round "?"]
[White "Shannon, Paul D."]
[Black "Sereni, Vincent T."]
[Result "0-1"]
[WhiteElo "1832"]
[BlackElo "2118"]

1. e4 e5 2. Nf3 Nc6 3. Bb5 a6 4. Ba4 Nf6 5. O-O b5 6. Bb3 Bd6 7. Re1 O-O 
8. c3 h6 9. d3 Re8 10. Nbd2 Bb7 11. Nf1 Bf8 12. Ng3 Na5 13. Bc2 c5 14. d4 
cxd4 15. cxd4 d5 16. exd5 exd4 17. Rxe8 Qxe8 18. Bf4 Nxd5 19. Qxd4 Nb4 20.
 Bd1 Rd8 21. Qe3 Qxe3 22. Bxe3 Nc4 23. b3 Nxe3 24. fxe3 Bc5 25. Nf1 Nxa2 
26. Kf2 Nb4 27. Ne1 Bc8 28. Be2 Be6 29. Rc1 Rc8 30. Rb1 Bb6 31. Bd1 a5 32.
 h3 Nd5 33. Rb2 Rc3 34. Re2 f5 35. g3 g5 36. Ng2 Rc1 37. Rd2 Nc3 38. Bc2 
a4 39. bxa4 bxa4 40. Ne1 a3 0-1

[Event "Herbert W. Gustafson Memorial Open, S47049"]
[Site "CCLA"]
[Date "2014.10.27"]
[Round "?"]
[White "Weiss, Lester P."]
[Black "Sereni, Vincent T."]
[Result "1/2-1/2"]
[WhiteElo "2131"]
[BlackElo "2118"]

1. e4 e5 2. Nf3 Nc6 3. Bb5 a6 4. Ba4 Nf6 5. O-O b5 6. Bb3 Bd6 7. Re1 O-O 
8. c3 h6 9. d4 Bb7 10. Nbd2 Re8 11. Bc2 Qc8 12. a3 Bf8 13. Nb3 d6 14. d5 
Nd8 15. Na5 c6 16. dxc6 Nxc6 17. Nxb7 Qxb7 18. b4 a5 19. Rb1 axb4 20. axb4
Nd8 21. Bb3 Ne6 22. g3 Nc7 23. Qe2 Ne6 24. Nh4 Qc6 25. Bd2 Nc7 26. c4 bxc4
27. Qxc4 Qxc4 28. Bxc4 Nxe4 29. Rxe4 d5 30. Bxd5 Nxd5 31. b5 f6 32. Rc4 
Reb8 33. Nf5 Ra2 34. Be3 Ra3 35. b6 Nc3 36. Rb2 Nd1 37. Rd2 Nxe3 38. Nxe3 
Rb3 39. Nd5 Kf7 40. Kg2 Rb5 41. Rcc2 Rc5 42. Rb2 Rb7 43. Ne3 Rc6 44. Nd5 
Ke6 45. Nc7+ Kf5 1/2-1/2

[Event "NA Class D Server Championship, S40139"]
[Site "CCLA"]
[Date "2014.04.30"]
[Round "?"]
[White "Anderson, Lawrence D."]
[Black "Selby, Robin"]
[Result "1-0"]
[WhiteElo "1365"]
[BlackElo "1230"]

1. e4 e5 2. Nf3 Nc6 3. Bb5 a6 4. Ba4 b5 5. Bb3 Bc5 6. O-O Nf6 7. c3 O-O 8.
 d4 Ba7 9. Re1 a5 10. dxe5 Ne8 11. Bd5 Rb8 12. Bxc6 Qe7 13. Bd5 c6 14. Bg5
Qc5 15. Be3 Qe7 16. Bxa7 Rb7 17. Qd4 Nc7 18. Bc5 Qe8 19. Bxf8 Qxf8 20. 
Bxf7+ Qxf7 21. Nbd2 Ne6 22. Qe3 h6 23. Rad1 Nf4 24. g3 Nh3+ 25. Kg2 d6 26.
 b3 Qg6 27. exd6 Rf7 28. Nh4 Nf4+ 29. Kf1 Nh5 30. e5 Bh3+ 31. Kg1 Qg4 32. 
Qe4 Qxe4 33. Nxe4 g5 34. Ng6 Bf5 35. Ne7+ Kg7 36. Nxf5+ Rxf5 37. d7 Rf8 
38. Nf6 Nxf6 39. exf6+ Kxf6 40. d8=Q+ Rxd8 41. Rxd8 c5 42. Rd6+ Kf5 43. f3
c4 44. Rd5+ Kg6 45. Rxb5 cxb3 46. axb3 1-0

[Event "NA Class C Server Championship, S40129"]
[Site "CCLA"]
[Date "2014.04.30"]
[Round "?"]
[White "Stroup, Jim"]
[Black "Smiley, William R."]
[Result "1-0"]
[WhiteElo "1768"]
[BlackElo "1530"]

1. e4 e5 2. Nf3 Nc6 3. Bb5 a6 4. Ba4 b5 5. Bb3 Nf6 6. O-O Bc5 7. c3 Nxe4 
8. Qe2 Nxf2 9. d4 Nh3+ 10. gxh3 Be7 11. Bxf7+ 1-0

[Event "Herbert W. Gustafson Memorial , S47179"]
[Site "CCLA"]
[Date "2014.10.27"]
[Round "?"]
[White "Anderson, Lawrence D."]
[Black "Lyons, Anthony W."]
[Result "1-0"]
[WhiteElo "1365"]
[BlackElo "1287"]

1. e4 e5 2. Nf3 Nc6 3. Bb5 Nf6 4. O-O Bc5 5. c3 a6 6. Ba4 b5 7. Bb3 O-O 8.
 d4 exd4 9. cxd4 Be7 10. Re1 Bb4 11. Bd2 Bxd2 12. Nbxd2 d5 13. e5 Ne4 14. 
Nxe4 dxe4 15. Rxe4 Be6 16. d5 Bxd5 17. Bxd5 Qe8 18. Rc1 Qd8 19. Bxc6 1-0

[Event "Herbert W. Gustafson Memorial Open, S47049"]
[Site "CCLA"]
[Date "2014.10.27"]
[Round "?"]
[White "Young III, William C."]
[Black "Sereni, Vincent T."]
[Result "1/2-1/2"]
[WhiteElo "2121"]
[BlackElo "2118"]

1. e4 e5 2. Nf3 Nc6 3. Bb5 a6 4. Ba4 Nf6 5. O-O b5 6. Bb3 Bb7 7. d3 Bc5 8.
 Nc3 O-O 9. a4 b4 10. Nd5 h6 11. a5 d6 12. c3 Rb8 13. Nxf6+ Qxf6 14. Be3 
Bxe3 15. fxe3 bxc3 16. bxc3 Qe7 17. Qe1 Kh7 18. Bc4 Bc8 19. d4 Na7 20. Rb1
Nb5 21. d5 Bd7 22. Be2 c5 23. c4 Nc7 24. Bd3 Bg4 25. Qg3 Bxf3 26. Qxf3 Kg8
27. Qe2 Rfc8 28. Rb2 Na8 29. Rfb1 Qc7 30. Rxb8 Rxb8 31. Qa2 Rxb1+ 32. Qxb1
g6 33. Be2 Kf8 34. Kf2 Ke7 35. Qe1 Qd8 36. Qc3 Qb8 37. Bd1 Nc7 38. Ba4 Ne8
39. Qb3 Qxb3 40. Bxb3 Nc7 41. Ba4 Kf6 42. Kf3 Ke7 43. Bc6 Kf6 1/2-1/2

[Event "Regular Quad, S40269"]
[Site "CCLA"]
[Date "2014.09.08"]
[Round "?"]
[White "Anderson, Lawrence D."]
[Black "Cantrell, Dennis"]
[Result "1-0"]
[WhiteElo "1365"]
[BlackElo "1200"]

1. e4 e5 2. Nf3 Nc6 3. Bb5 a6 4. Ba4 Nf6 5. O-O Nxe4 6. Bxc6 Qf6 7. Bxe4 
c6 8. d3 d6 9. Bg5 Qe6 10. Nc3 d5 11. Re1 Bd6 12. d4 O-O 13. Bd3 Re8 14. 
dxe5 Bc7 15. Qe2 Bd7 16. Rad1 Ba5 17. Bd2 Bb6 18. Be3 Bc7 19. Bf4 c5 20. 
Qd2 d4 21. Ng5 dxc3 22. Qxc3 Qg4 23. Bxh7+ Kh8 24. Qe3 Bc6 25. Be4 Re7 26.
 Bxc6 bxc6 27. h3 Qf5 28. c4 Rae8 29. Re2 Bxe5 30. Bxe5 Rxe5 31. Qxe5 Rxe5
32. Rd8+ Re8 33. Rdxe8# 1-0

[Event "NA Class D Server Championship, S40139"]
[Site "CCLA"]
[Date "2014.04.30"]
[Round "?"]
[White "Anderson, Lawrence D."]
[Black "Hodgkins, Neil C."]
[Result "1-0"]
[WhiteElo "1365"]
[BlackElo "1419"]

1. e4 e5 2. Nf3 Nc6 3. Bb5 a6 4. Ba4 Nf6 5. O-O Nxe4 6. d4 b5 7. Bb3 Nxd4 
8. Nxd4 exd4 9. Bd5 Rb8 10. Bxe4 d6 11. Re1 c5 12. Bf4 Be7 13. c3 dxc3 14.
 Nxc3 O-O 15. Nd5 Bg5 16. Qd2 Bxf4 17. Qxf4 Re8 18. Rad1 Re6 19. Bc2 g6 
20. Rxe6 Bxe6 21. b3 Kg7 22. h3 g5 23. Qg3 h6 24. Nf4 Kf8 25. Nxe6+ fxe6 
26. Rxd6 Qc8 27. Qf3+ Ke7 28. Rd1 Qe8 29. Qe4 Qf7 30. Qh7 Rf8 31. Qxf7+ 
Rxf7 32. Bg6 Rg7 33. Bh5 Rg8 34. Bg4 Rc8 35. Re1 Rc6 36. f3 Kf6 37. Kf2 a5
38. Kg3 Rd6 39. Re2 e5 40. h4 a4 41. Re3 Rd4 42. Re2 axb3 43. axb3 c4 44. 
bxc4 bxc4 45. Re4 c3 46. Re2 Rd2 47. Rxd2 cxd2 48. f4 gxf4+ 49. Kf2 e4 50.
 Ke2 e3 51. Kd1 Ke5 52. Ke2 Kd4 53. Bf5 Kc3 54. Kd1 Kd4 55. Kc2 Ke5 56. 
Bg4 Kd4 57. Be2 Ke4 58. Kc3 Kd5 59. Bf3+ Ke5 60. Kd3 Kf5 61. Kd4 Ke6 62. 
Ke4 1-0

[Event "NA Master/Expert Server Championship, S40099"]
[Site "CCLA"]
[Date "2014.04.30"]
[Round "?"]
[White "Quirk, Michael"]
[Black "Reinhart, Kenneth M."]
[Result "0-1"]
[WhiteElo "2175"]
[BlackElo "2399"]

1. e4 e5 2. Nf3 Nc6 3. Bb5 a6 4. Ba4 Nf6 5. O-O Nxe4 6. d4 b5 7. Bb3 d5 8.
 dxe5 Be6 9. c3 Bc5 10. Nbd2 O-O 11. Bc2 Nxf2 12. Rxf2 f6 13. exf6 Bxf2+ 
14. Kxf2 Qxf6 15. Kg1 Rae8 16. Nf1 Ne5 17. Be3 Nxf3+ 18. Qxf3 Qxf3 19. 
gxf3 Rxf3 20. Bc5 Bh3 21. Ng3 Re6 22. a4 g6 23. axb5 axb5 24. Rc1 Rf4 25. 
Bd3 c6 26. b4 h5 27. Bf1 Bxf1 28. Rxf1 Rxf1+ 29. Kxf1 Kh7 30. h3 h4 31. 
Ne2 g5 32. Nd4 Re3 33. Kg2 Rxc3 34. Nxc6 Rc2+ 35. Kh1 Rd2 36. Nd4 Kg6 37. 
Nxb5 Kf5 38. Bd4 Kf4 39. Bc3 Ra2 40. Nc7 Kg3 41. Nxd5 Kxh3 42. b5 Rc2 43. 
Kg1 g4 44. Be1 g3 45. Nf4+ Kg4 46. Nd3 h3 47. Ne5+ Kf5 48. Bxg3 Rg2+ 0-1

[Event "Premier Quad, S40319"]
[Site "CCLA"]
[Date "2014.09.26"]
[Round "?"]
[White "Stroup, Jim"]
[Black "Laven, George"]
[Result "1-0"]
[WhiteElo "1768"]
[BlackElo "1834"]

1. e4 e5 2. Nf3 Nc6 3. Bb5 a6 4. Ba4 Nf6 5. O-O Be7 6. Bxc6 dxc6 7. d3 Nd7
8. Nbd2 O-O 9. b3 f6 10. Bb2 Nc5 11. d4 exd4 12. Nxd4 Ne6 13. Nf5 Bc5 14. 
Qe2 Bd7 15. Nf3 Qe8 16. Rad1 Qf7 17. Ne1 Rad8 18. Nd3 Bb6 19. Rfe1 Rfe8 
20. h3 Ng5 21. Ng3 Qg6 22. Kh2 Qh6 23. Qf1 Qh4 24. f4 Nf7 25. Qf3 Bc8 26. 
e5 fxe5 27. Nxe5 Rxd1 28. Rxd1 Nd6 29. c4 a5 30. Ba3 Ba7 31. c5 Nb5 32. 
Nd7 Qe7 33. Nf5 Qf7 34. Qg4 Qg6 35. Bb2 Bxc5 36. Bxg7 Kf7 37. Nxc5 Bxf5 
38. Qxg6+ hxg6 39. Be5 b6 40. Na6 Re7 41. a4 Nd6 42. Nxc7 Ne4 43. Na8 b5 
44. axb5 cxb5 45. Nc7 b4 46. Ra1 Nc5 47. Rxa5 Nxb3 48. Rb5 Nd4 49. Bxd4 
Rxc7 50. g4 Rc4 51. Rb7+ Kg8 52. Be5 Be4 53. Rb6 Bc2 54. h4 b3 55. Kg3 Kf7
56. h5 gxh5 57. gxh5 Re4 58. Rb7+ Kg8 59. Kh4 Re1 60. Kg5 1-0

[Event "Continuous Server Series, S40059"]
[Site "CCLA"]
[Date "2014.02.19"]
[Round "?"]
[White "Stroup, Jim"]
[Black "Fausey, Verna M."]
[Result "1-0"]
[WhiteElo "1768"]
[BlackElo "1747"]

1. e4 e5 2. Nf3 Nc6 3. Bb5 a6 4. Ba4 Nf6 5. Qe2 b5 6. Bb3 Be7 7. c3 O-O 8.
 O-O d6 9. Rd1 Na5 10. Bc2 c5 11. d4 Qc7 12. d5 Bd7 13. b3 b4 14. c4 Ng4 
15. Nbd2 f5 16. exf5 Nh6 17. f6 Rxf6 18. Ne4 Rg6 19. Ng3 Rf6 20. Qe4 Nf5 
21. Nxe5 Bc8 22. Bb2 Bd8 23. Ng4 Rf7 24. Ne3 g6 25. Nexf5 Bxf5 26. Nxf5 
gxf5 27. Qe8+ Rf8 28. Qe6+ Rf7 29. Bxf5 Bg5 30. f4 Bxf4 31. Rf1 Be5 32. 
Bxe5 Nxc4 33. bxc4 dxe5 34. Bxh7+ 1-0

[Event "Regular Quad, S40219"]
[Site "CCLA"]
[Date "2014.07.07"]
[Round "?"]
[White "Stroup, Jim"]
[Black "Laven, George"]
[Result "1/2-1/2"]
[WhiteElo "1768"]
[BlackElo "1834"]

1. e4 e5 2. Nf3 Nc6 3. Bb5 a6 4. Ba4 Nf6 5. Qe2 Be7 6. O-O b5 7. Bb3 O-O 
8. c3 d5 9. d3 Bb7 10. Nbd2 Re8 11. Re1 Bf8 12. a3 Qd7 13. exd5 Nxd5 14. 
Ne4 Rad8 15. Bg5 Be7 16. Rad1 h6 17. Bxe7 Nf4 18. Qf1 Qxe7 19. g3 Ne6 20. 
Ba2 Nc5 21. Nxc5 Qxc5 22. Qh3 Qd6 23. Qh5 Qf6 24. Nd2 Ne7 25. Ne4 Bxe4 26.
 dxe4 c5 27. Rxd8 Rxd8 28. Rd1 Rc8 29. Bd5 c4 30. Bb7 Rc7 31. Rd8+ Kh7 32.
 Qd1 Qb6 33. Ba8 Ra7 34. Re8 Qe6 35. Kg2 Rd7 36. Qf3 f6 37. Bd5 Qd6 38. 
Ba8 Qd3 39. Qg4 Qd6 40. h4 g6 41. h5 g5 42. Bd5 f5 43. Rxe7+ Rxe7 44. 
Qxf5+ Kg7 45. Qc8 Rc7 46. Qg8+ Kf6 47. Qe8 Kg7 48. Be6 Kf6 49. Qg6+ Ke7 
50. Qf7+ Kd8 51. Qg8+ Ke7 52. Qf7+ Kd8 53. Qg8+ Ke7 54. Qf7+ 1/2-1/2

[Event "Regular Quad, S40449"]
[Site "CCLA"]
[Date "2014.12.19"]
[Round "?"]
[White "Smiley, William R."]
[Black "Strelecky, Rich"]
[Result "0-1"]
[WhiteElo "1530"]
[BlackElo "1584"]

1. e4 e5 2. Nf3 Nc6 3. Bb5 a6 4. Ba4 Nf6 5. O-O Be7 6. Re1 b5 7. Bb3 h6 8.
 c3 O-O 9. d4 d6 10. d5 Na5 11. Bc2 Bg4 12. Qd3 Re8 13. Nbd2 Nh5 14. h3 
Nf4 15. Qf1 Bd7 16. Nb3 Nc4 17. Nfd2 Nb6 18. Nf3 Nc4 19. Nbd2 Nb6 20. Nb3 
Bh4 21. Bxf4 exf4 22. Nbd2 Bf6 23. Rad1 b4 24. Nd4 Bxd4 25. cxd4 Qg5 26. 
Nf3 Qg6 27. Kh2 a5 28. Bd3 Kh8 29. Rc1 Ra7 30. Re2 f6 31. Rec2 Rc8 32. e5 
Qh5 33. e6 Be8 34. Bb5 Bxb5 35. Qxb5 Qxd5 36. Qxd5 Nxd5 37. Re2 Re8 38. 
Kg1 a4 39. a3 b3 40. Kh2 Ne7 41. Rd2 c6 42. Ne1 Rc7 43. Rc4 Nd5 44. Rxa4 
Rxe6 45. Nf3 Kh7 46. Ra8 Nb6 47. Rd3 Nxa8 0-1

[Event "Premier Quad, S40439"]
[Site "CCLA"]
[Date "2014.12.19"]
[Round "?"]
[White "Vecchio, Ralph"]
[Black "Ragan, Anthony"]
[Result "1-0"]
[WhiteElo "1815"]
[BlackElo "1900"]

1. e4 e5 2. Nf3 Nc6 3. Bb5 a6 4. Ba4 Nf6 5. O-O Be7 6. Re1 b5 7. Bb3 d6 8.
 d3 Na5 9. Nbd2 O-O 10. c3 Nxb3 11. axb3 c5 12. c4 Rb8 13. b4 cxb4 14. b3 
Qb6 15. cxb5 Qxb5 16. Nc4 Bg4 17. Bb2 Rfc8 18. h3 Be6 19. Ng5 Bxc4 20. 
dxc4 Qc5 21. Rxa6 Ra8 22. Rxa8 Rxa8 23. Qd2 Ra2 24. Kh2 Qa7 25. Re2 h6 26.
 Nf3 Nd7 27. Qxb4 Qa8 28. Rd2 Qb8 29. Qxb8+ Nxb8 30. Rc2 Nc6 31. Rd2 Kh7 
32. Bc3 Ra1 33. Bxa1 1-0

[Event "Premier Quad, S40339"]
[Site "CCLA"]
[Date "2014.10.13"]
[Round "?"]
[White "Anderson, Clarence"]
[Black "Laven, George"]
[Result "1-0"]
[WhiteElo "1798"]
[BlackElo "1834"]

1. e4 e5 2. Nf3 Nc6 3. Bb5 a6 4. Ba4 Nf6 5. O-O Be7 6. Re1 b5 7. Bb3 O-O 
8. a4 b4 9. c3 d6 10. a5 Rb8 11. Bc4 bxc3 12. dxc3 Na7 13. Nbd2 Nb5 14. 
Nf1 c6 15. Ng3 Bg4 16. h3 Bd7 17. Qc2 Qc8 18. Be3 Be6 19. Bxe6 Qxe6 20. 
Nf5 g6 21. Nxe7+ Qxe7 22. b4 Rfc8 23. Nd2 Qe6 24. c4 Nd4 25. Bxd4 exd4 26.
 Rab1 c5 27. b5 Nd7 28. bxa6 Ra8 29. Rb7 Rxa6 30. Qa4 Ne5 31. Qb5 Rac6 32.
 a6 1-0

[Event "Summer Server Series, S40071"]
[Site "CCLA"]
[Date "2014.07.28"]
[Round "?"]
[White "Hadley, Douglas R."]
[Black "Richardson, Ryan M."]
[Result "0-1"]
[WhiteElo "1576"]
[BlackElo "1689"]

1. e4 e5 2. Nf3 Nc6 3. Bb5 a6 4. Ba4 Nf6 5. O-O Be7 6. Re1 b5 7. Bb3 O-O 
8. c3 d5 9. d3 Bb7 10. Bg5 dxe4 11. dxe4 Qxd1 12. Bxd1 Rfe8 13. Nbd2 Rad8 
14. Bc2 h6 15. Bxf6 Bxf6 16. b4 Ne7 17. Nb3 Ng6 18. Nc5 Bc8 19. a4 Be7 20.
 Nd3 Bd6 21. axb5 axb5 22. Ra5 c6 23. Ra8 Bb7 24. Rxd8 Rxd8 25. Ra1 Nf4 
26. Ndxe5 c5 27. Ra5 Bxe5 28. g3 Ne2+ 29. Kf1 Bxc3 30. Kxe2 Bxb4 31. Ra7 
Ba8 32. e5 g5 33. g4 Re8 34. Bf5 Bxf3+ 35. Kxf3 Rxe5 36. Rb7 c4 37. Bd7 c3
38. Bxb5 c2 39. Rb8+ Kg7 40. Rc8 Rc5 0-1